| 000 | 00000nam 2200000zi 4500 |
| 001 | 9.899431 |
| 003 | CaOODSP |
| 005 | 20221129084338 |
| 006 | m o d f |
| 007 | cr cn||||||||| |
| 008 | 210504t20212021qucab ob f000 0 eng d |
| 020 | |a9780660387185 |
| 040 | |aCaOODSP|beng|erda|cCaOODSP |
| 043 | |an-cn-nu |
| 086 | 1 |aCW66-756/2021E-PDF |
| 245 | 00|aIkkattuaq Migratory Bird Sanctuary management plan 2020. |
| 264 | 1|aGatineau QC : |bEnvironment and Climate Change Canada = Environnement et changement climatique Canada, |c[2021] |
| 264 | 4|c©2021 |
| 300 | |a1 online resource (vii pages, 6 unnumbered pages, 56 pages) : |bcolour illustrations, colour maps |
| 336 | |atext|btxt|2rdacontent |
| 337 | |acomputer|bc|2rdamedia |
| 338 | |aonline resource|bcr|2rdacarrier |
| 500 | |aIssued also in French under title: Plan de gestion du Refuge d'oiseaux migrateurs Ikkattuaq 2020; and in Inuktitut under title: Ikattuarmi tingmiaqarvik aulattinirmut parnautiit 2020. |
| 500 | |a"EC8348." |
| 504 | |aIncludes bibliographical references (pages 52-55). |
| 650 | 0|aBird refuges|zNunavut|xManagement. |
| 650 | 0|aNational parks and reserves|zNunavut|xManagement. |
| 650 | 0|aMigratory birds|xConservation|zNunavut. |
| 650 | 0|aMigratory birds|xHabitat|xConservation|zNunavut. |
| 710 | 1 |aCanada. |bEnvironment and Climate Change Canada, |eissuing body. |
| 775 | 08|tPlan de gestion du Refuge d'oiseaux migrateurs Ikkattuaq 2020.|w(CaOODSP)9.899432 |
| 856 | 40|qPDF|s1.46 MB|uhttps://publications.gc.ca/collections/collection_2021/eccc/cw66/CW66-756-2021-eng.pdf |